000 01368cam a22003858i 4500
999 _c2233
_d2233
001 18522773
003 GZU
005 20201028104421.0
008 150311s2015 enk b 001 0 eng
010 _a 2015008528
020 _a9780470975459 (cloth)
020 _a9780470975466 (pbk.)
040 _aDLC
_beng
_cDLC
_erda
042 _apcc
050 0 0 _aHV6556
_b.S4257 2015
082 0 0 _a364.15/3
_223
130 0 _aSex offenders (John Wiley & Sons)
245 1 0 _aSex offenders :
_ba criminal career approach /
_cedited by Arjan A. J. Blokland and Patrick Lussier.
263 _a1507
264 1 _aChichester, West Sussex ;
_aMalden, MA :
_bJohn Wiley & Sons Inc.,
_c2015.
300 _apages cm
336 _atext
_2rdacontent
337 _aunmediated
_2rdamedia
338 _avolume
_2rdacarrier
504 _aIncludes bibliographical references and index.
650 0 _aSex offenders.
650 0 _aSex offenders
_xRehabilitation.
650 0 _aSex crimes.
700 1 _aBlokland, Arie Aart Jan,
_d1973-
700 1 _aLussier, Patrick.
776 0 8 _iOnline version:
_dChichester, West Sussex ; Malden, MA : John Wiley & Sons Inc., 2015
_z9781118314654
_w(DLC) 2015013587
906 _a7
_bcbc
_corignew
_d1
_eecip
_f20
_gy-gencatlg
942 _2lcc
_cBK
_h6556
_iSEX
_kHV
_m2015